Kraje sąsiadujące z Chinami - Statystyki

Ogólne statystyki
  • Ten quiz został rozwiązany 265 razy
  • Średni wynik to 12 z 14
Statystyki odpowiedzi
Pierwsza litera Kraj % Poprawnych
R Rosja
96%
I Indie
91%
M Mongolia
91%
W Wietnam
91%
K Korea Północna
90%
N Nepal
86%
L Laos
84%
P Pakistan
81%
K Kirgistan
79%
T Tadżykistan
79%
K Kazachstan
78%
A Afganistan
77%
B Bhutan
73%
M Mjanma
73%
Nie znaleziono quizów pasujących do podanych kryteriów
Rozkład punktacji
Procent ludzi z każdym wynikiem
Percentyl według liczby udzielonych odpowiedzi
Twoja historia wyników
Nie rozwiązałeś tego quizu